000
00198nam a2200085Ia 4500
008
120527s9999 xx 000 0 und d
100
_a
LERY, J.M
245
_a
Contemporary urban Planning
942
_c
BK
999
_c
25502
_d
25502